Lightweight electric/hybrid vehicle design /

Lightweight Electric/Hybrid Vehicle Design, covers the particular automotive design approach required for hybrid/electrical drive vehicles. There is currently huge investment world-wide in electric vehicle propulsion, driven by concern for pollution control and depleting oil resources. The radically...

Full description

Bibliographic Details
Main Author: Hodkinson, Ron
Corporate Author: Society of Automotive Engineers
Other Authors: Fenton, John, 1931-
Format: eBook
Language:English
Published: Oxford ; Woburn, MA : Butterworth-Heinemann, 2001.
Subjects:
Online Access:Connect to the full text of this electronic book

MARC

Tag First Indicator Second Indicator Subfields
LEADER 00000cam a2200000Ia 4500
001 in00002425141
005 20190327171559.0
006 m d
007 cr cn|||||||||
008 070806s2001 enka sb 001 0 eng d
020 |a 9780750650922 
020 |a 0750650923 
035 |a (OCoLC)ocn162590200 
035 |a (OCoLC)162590200 
037 |a 95144:95143  |b Elsevier Science & Technology  |n http://www.sciencedirect.com 
040 |a OPELS  |c OPELS  |d UtOrBLW 
049 |a TEFA 
050 1 4 |a TL221.15  |b .H63 2001eb 
082 0 4 |a 629.22/93  |2 22 
100 1 |a Hodkinson, Ron. 
245 1 0 |a Lightweight electric/hybrid vehicle design /  |c Ron Hodkinson and John Fenton. 
264 1 |a Oxford ;  |a Woburn, MA :  |b Butterworth-Heinemann,  |c 2001. 
300 |a 1 online resource (xxx, 253 pages) :  |b illustrations 
336 |a text  |b txt  |2 rdacontent 
337 |a computer  |b c  |2 rdamedia 
338 |a online resource  |b cr  |2 rdacarrier 
520 |a Lightweight Electric/Hybrid Vehicle Design, covers the particular automotive design approach required for hybrid/electrical drive vehicles. There is currently huge investment world-wide in electric vehicle propulsion, driven by concern for pollution control and depleting oil resources. The radically different design demands of these new vehicles requires a completely new approach that is covered comprehensively in this book. The book explores the rather dramatic departures in structural configuration necessary for purpose-designed electric vehicle including weight removal in the mechanical systems. It also provides a comprehensive review of the design process in the electric hybrid drive and energy storage systems. Ideal for automotive engineering students and professionals Lightweight Electric/Hybrid Vehicle Design provides a complete introduction to this important new sector of the industry. comprehensive coverage of all design aspects of electric/hybrid cars in a single volume packed with case studies and applications in-depth treatment written in a text book style (rather than a theoretical specialist text style). 
505 0 |a Introduction / Current EV design approaches / Viable energy storage systems/ Electric motors & driveline controller design / Chassis system design /EV package design / Fuel cells / Package design of hybrid & fuel cell driven vehicles / Lightweight construction materials / Structural design for optimal efficiency /. 
500 |a "SAE International, published on behalf of Society of Automotive Engineers, Inc." 
504 |a Includes bibliographical references and index. 
500 |a Electronic resource. 
650 0 |a Hybrid electric cars  |x Design and construction. 
655 7 |a Electronic books.  |2 local 
700 1 |a Fenton, John,  |d 1931- 
710 2 |a Society of Automotive Engineers. 
730 0 |a Referex. 
776 1 |c Original  |z 0768008247  |z 9780768008241  |z 0750650923  |z 9780750650922  |w (DLC) 2001025228  |w (OCoLC)45958003 
856 4 0 |u http://proxy.library.tamu.edu/login?url=http://www.sciencedirect.com/science/book/9780750650922  |z Connect to the full text of this electronic book  |t 0 
994 |a C0  |b TEF 
999 |a MARS 
999 f f |s 2dc056fd-9d30-3fe1-8859-2963184e9ec7  |i de41ce09-2d0d-34dd-aa82-4c383c629e74  |t 0 
952 f f |a Texas A&M University  |b College Station  |c Electronic Resources  |d Available Online  |t 0  |e TL221.15 .H63 2001eb  |h Library of Congress classification 
998 f f |a TL221.15 .H63 2001eb  |t 0  |l Available Online